Die Schweden im deutschen Südwesten: Vorgeschichte - Dreißigjähriger Krieg - Erinnerung
Saved in:
| Corporate Author: | |
|---|---|
| Other Authors: | , |
| Format: | Conference Paper |
| Language: | German |
| Published: |
Stuttgart
W. Kohlhammer Verlag
2020
|
| Series: | Veröffentlichungen der Kommission für geschichtliche Landeskunde in Baden-Württemberg Reihe B, Forschungen
225. Band |
| In: |
Veröffentlichungen der Kommission für Geschichtliche Landeskunde in Baden-Württemberg (225. Band)
|
| Volumes / Articles: | Show Volumes / Articles. |
| DOI: | 10.57962/regionalia-26432 |
| Subjects: | |
| Online Access: | Resolving-System, kostenfrei: https://nbn-resolving.de/urn:nbn:de:bsz:31-opus-264320 Resolving-System, kostenfrei: https://doi.org/10.57962/regionalia-26432 |
| Author Notes: | herausgegeben von Volker Rödel und Ralph Tuchtenhagen |
MARC
| LEADER | 00000cam a22000002c 4500 | ||
|---|---|---|---|
| 001 | 1933763116 | ||
| 003 | DE-627 | ||
| 005 | 20251227190056.0 | ||
| 007 | cr uuu---uuuuu | ||
| 008 | 250821s2020 xx |||||o 00| ||ger c | ||
| 024 | 7 | |a urn:nbn:de:bsz:31-opus-264320 |2 urn | |
| 024 | 7 | |a 10.57962/regionalia-26432 |2 doi | |
| 035 | |a (DE-627)1933763116 | ||
| 035 | |a (DE-599)KXP1933763116 | ||
| 035 | |a (OCoLC)1534010419 | ||
| 040 | |a DE-627 |b ger |c DE-627 |e rda | ||
| 041 | |a ger | ||
| 082 | 0 | |a 943.404 |q SEPA | |
| 082 | 0 | 4 | |a 940 |
| 084 | |a 63 |2 sdnb | ||
| 084 | |a 63 |2 sdnb | ||
| 084 | |a NR 5970 |q SEPA |2 rvk |0 (DE-625)rvk/129486: | ||
| 084 | |a NN 3900 |q SEPA |2 rvk |0 (DE-625)rvk/126859: | ||
| 084 | |a NZ 71670 |q SEPA |2 rvk |0 (DE-625)rvk/162749: | ||
| 084 | |a 323 |2 bwlb | ||
| 084 | |a 944 |2 bwlb | ||
| 084 | |a 15.55 |2 bkl | ||
| 084 | |a 15.62 |2 bkl | ||
| 111 | 2 | |a Die Schweden im deutschen Südwesten. Vorgeschichte - Dreißigjähriger Krieg - Erinnerung |g Veranstaltung |d 2018 |c Heidelberg |j VerfasserIn |0 (DE-588)1216208549 |0 (DE-627)1727473582 |4 aut | |
| 245 | 1 | 4 | |a Die Schweden im deutschen Südwesten |b Vorgeschichte - Dreißigjähriger Krieg - Erinnerung |c herausgegeben von Volker Rödel und Ralph Tuchtenhagen |
| 264 | 1 | |a Stuttgart |b W. Kohlhammer Verlag |c 2020 | |
| 264 | 2 | |a Karlsruhe |b Badische Landesbibliothek |c 2025 | |
| 300 | |a 1 Online-Ressource (391 Seiten) | ||
| 336 | |a Text |b txt |2 rdacontent | ||
| 337 | |a Computermedien |b c |2 rdamedia | ||
| 338 | |a Online-Ressource |b cr |2 rdacarrier | ||
| 490 | 1 | |a Veröffentlichungen der Kommission für geschichtliche Landeskunde in Baden-Württemberg |a Reihe B, Forschungen |v 225. Band | |
| 506 | 0 | |a Open Access |e Controlled Vocabulary for Access Rights |q DE-31 |u http://purl.org/coar/access_right/c_abf2 | |
| 540 | |q DE-31 |a Namensnennung 4.0 International |f CC BY 4.0 |2 cc |u http://creativecommons.org/licenses/by/4.0/ | ||
| 648 | 4 | |a Neuzeit 1500-1600 |0 (DE-631)35936 | |
| 648 | 4 | |a Neuzeit 1600-1700 |0 (DE-631)36337 | |
| 655 | 7 | |a Konferenzschrift |y 20.03.2018-22.03.2018 |z Heidelberg |0 (DE-588)1071861417 |0 (DE-627)826484824 |0 (DE-576)433375485 |2 gnd-content | |
| 689 | 0 | 0 | |d g |0 (DE-588)4077258-5 |0 (DE-627)106080733 |0 (DE-576)209204486 |a Schweden |2 gnd |
| 689 | 0 | 1 | |d g |0 (DE-588)4078053-3 |0 (DE-627)104729074 |0 (DE-576)209207248 |a Südwestdeutschland |2 gnd |
| 689 | 0 | 2 | |d g |0 (DE-588)4023996-2 |0 (DE-627)106300814 |0 (DE-576)208952578 |a Heidelberg |2 gnd |
| 689 | 0 | 3 | |d s |0 (DE-588)4032055-8 |0 (DE-627)104360097 |0 (DE-576)208995420 |a Konferenz |2 gnd |
| 689 | 0 | 4 | |d s |0 (DE-588)4012985-8 |0 (DE-627)10634580X |0 (DE-576)208901345 |a Dreißigjähriger Krieg |2 gnd |
| 689 | 0 | 5 | |d s |0 (DE-588)4072885-7 |0 (DE-627)106093932 |0 (DE-576)209188553 |a Internationale Politik |2 gnd |
| 689 | 0 | 6 | |d s |0 (DE-588)4020517-4 |0 (DE-627)106317768 |0 (DE-576)208933697 |a Geschichte |2 gnd |
| 689 | 0 | |5 (DE-627) | |
| 700 | 1 | |a Rödel, Volker |d 1945- |e HerausgeberIn |0 (DE-588)109135210 |0 (DE-627)506348830 |0 (DE-576)162758707 |4 edt | |
| 700 | 1 | |a Tuchtenhagen, Ralph |d 1961- |e HerausgeberIn |0 (DE-588)129320293 |0 (DE-627)393094014 |0 (DE-576)169176894 |4 edt | |
| 776 | 0 | 8 | |i Erscheint auch als |n Druck-Ausgabe |a Die Schweden im deutschen Südwesten. Vorgeschichte - Dreißigjähriger Krieg - Erinnerung (Veranstaltung : 2018 : Heidelberg) |t Die Schweden im deutschen Südwesten |d Stuttgart : W. Kohlhammer Verlag, 2020 |h XII, 391 Seiten |w (DE-627)1665566582 |z 9783170374249 |z 3170374249 |
| 810 | 2 | |a Kommission für Geschichtliche Landeskunde in Baden-Württemberg |t Veröffentlichungen der Kommission für Geschichtliche Landeskunde in Baden-Württemberg |n Reihe B |p Forschungen |v 225. Band |9 225 |w (DE-627)1901818489 |w (DE-600)3195810-2 |x 2944-229X |7 am | |
| 856 | 4 | 0 | |u https://nbn-resolving.de/urn:nbn:de:bsz:31-opus-264320 |q application/pdf |x Resolving-System |z kostenfrei |7 0 |
| 856 | 4 | 0 | |u https://doi.org/10.57962/regionalia-26432 |x Resolving-System |z kostenfrei |7 0 |
| 935 | |a BWLB | ||
| 936 | r | v | |a NR 5970 |b Einzelbeiträge |k Geschichte |k Landes- und Stadtgeschichte (Allgemeine, Deutsche und Österreichische Landes- und Stadtgeschichte, Ausländische Stadtgeschichte, Geschichte der Auslanddeutschen) |k Deutsche Landesgeschichte im Einzelnen (einschl. ehemaliger deutscher Gebiete) |k Baden-Württemberg mit Oberrheinland |k Einzelbeiträge |0 (DE-627)1271474042 |0 (DE-625)rvk/129486: |0 (DE-576)201474042 |
| 936 | r | v | |a NN 3900 |b Einzelne deutsche Territorien und Städte |k Geschichte |k Neuere Geschichte |k Zeitalter der Gegenreformation und des Dreißigjährigen Krieges (1555 - 1648) |k Dreißigjähriger Krieg |k Einzelne deutsche Territorien und Städte |0 (DE-627)1271466228 |0 (DE-625)rvk/126859: |0 (DE-576)201466228 |
| 936 | r | v | |a NZ 71670 |b Dreißigjähriger Krieg |k Geschichte |k Regionale Landeskunde |k Baden-Württemberg |k Landesgeschichte chronologisch |k Frühe Neuzeit |k Reformation und Gegenreformation (1500 bis 1648) |k Dreißigjähriger Krieg |0 (DE-627)1685784194 |0 (DE-625)rvk/162749: |
| 936 | b | k | |a 15.55 |j Baden-Württemberg |x Geschichte |q SEPA |0 (DE-627)181571617 |
| 936 | b | k | |a 15.62 |j Skandinavien |j Nordeuropa |x Geschichte |q SEPA |0 (DE-627)181570858 |
| 951 | |a BO | ||
| 990 | |a Geschichte | ||
| 990 | |a Internationale Politik | ||
| 990 | |a Dreißigjähriger Krieg | ||
| 990 | |a Konferenz | ||
| 990 | |a Heidelberg | ||
| 990 | |a Südwestdeutschland | ||
| 990 | |a Schweden | ||
| 992 | |a 20260413 | ||
| 999 | |a KXP-PPN1933763116 |e 4951152983 | ||
| BIB | |a Y | ||
| SPR | |a Y | ||
| JSO | |a {"person":[{"display":"Rödel, Volker","given":"Volker","family":"Rödel","role":"edt"},{"role":"edt","display":"Tuchtenhagen, Ralph","family":"Tuchtenhagen","given":"Ralph"}],"physDesc":[{"extent":"1 Online-Ressource (391 Seiten)"}],"origin":[{"dateIssuedDisp":"2020","publisher":"W. Kohlhammer Verlag","dateIssuedKey":"2020","publisherPlace":"Stuttgart"}],"name":{"displayForm":["herausgegeben von Volker Rödel und Ralph Tuchtenhagen"]},"corporate":[{"display":"Die Schweden im deutschen Südwesten. Vorgeschichte - Dreißigjähriger Krieg - Erinnerung (2018, Heidelberg)","role":"aut"}],"title":[{"title_sort":"Schweden im deutschen Südwesten","title":"Die Schweden im deutschen Südwesten","subtitle":"Vorgeschichte - Dreißigjähriger Krieg - Erinnerung"}],"recId":"1933763116","type":{"media":"Online-Ressource","bibl":"book"},"relMultPart":[{"type":{"media":"Online-Ressource","bibl":"serial"},"part":{"number_sort":["225"],"number":["225. Band"]},"recId":"1901818489","disp":"Veröffentlichungen der Kommission für geschichtliche Landeskunde in Baden-Württemberg","id":{"issn":["2944-229X"],"zdb":["3195810-2"],"eki":["1901818489"]},"language":["ger"],"note":["Gesehen am 04.09.2024"],"origin":[{"publisher":"Jan Thorbecke Verlag ; Kohlhammer","dateIssuedDisp":"1958-","dateIssuedKey":"1958","publisherPlace":"Ostfildern ; Stuttgart"}],"titleAlt":[{"title":"Veröffentlichung der Kommission für Geschichtliche Landeskunde in Baden-Württemberg"}],"physDesc":[{"extent":"Online-Ressource"}],"dispAlt":"Kommission für Geschichtliche Landeskunde in Baden-Württemberg: Veröffentlichungen der Kommission für Geschichtliche Landeskunde in Baden-Württemberg","pubHistory":["1.1958 -"],"title":[{"title_sort":"Veröffentlichungen der Kommission für Geschichtliche Landeskunde in Baden-Württemberg","partname":"Forschungen","title":"Veröffentlichungen der Kommission für Geschichtliche Landeskunde in Baden-Württemberg"}],"corporate":[{"role":"aut","display":"Kommission für Geschichtliche Landeskunde in Baden-Württemberg"}]}],"language":["ger"],"id":{"eki":["1933763116"],"doi":["10.57962/regionalia-26432"],"uri":["urn:nbn:de:bsz:31-opus-264320"]}} | ||
| SRT | |a DIESCHWEDESCHWEDENIM2020 | ||